<?xml version="1.0" encoding="UTF-8"?>
<collection xmlns="http://www.loc.gov/MARC21/slim">
 <record>
  <leader>01730cam a2200241   4500</leader>
  <controlfield tag="001">1/31926</controlfield>
  <controlfield tag="008">070116s2006    gr            10110 gre d</controlfield>
  <datafield tag="020" ind1=" " ind2=" ">
   <subfield code="a">9608616824</subfield>
  </datafield>
  <datafield tag="035" ind1=" " ind2=" ">
   <subfield code="l">34261</subfield>
  </datafield>
  <datafield tag="040" ind1=" " ind2=" ">
   <subfield code="a">GR-PeUP</subfield>
  </datafield>
  <datafield tag="082" ind1="0" ind2="0">
   <subfield code="a">027.7 ΠΑΝ</subfield>
  </datafield>
  <datafield tag="111" ind1="2" ind2=" ">
   <subfield code="a">Πανελλήνιο Συνέδριο Ακαδημαϊκών Βιβλιοθηκών</subfield>
   <subfield code="n">(15ο</subfield>
   <subfield code="d">2006:</subfield>
   <subfield code="c">Πάτρα, Ελλάδα)</subfield>
  </datafield>
  <datafield tag="245" ind1="1" ind2="0">
   <subfield code="a">Ακαδημαϊκές βιβλιοθήκες και κοινωνίες των πολιτών:</subfield>
   <subfield code="b">δημιουργώντας δεσμούς γνώσης, δημοκρατίας &amp; πολιτισμού στο ψηφιακό περιβάλλον : πρακτικά 15ου Πανελληνίου Συνεδρίου Ακαδημαϊκών Βιβλιοθηκών /</subfield>
   <subfield code="c">επιμ. Γιάννης Τσάκωνας.</subfield>
  </datafield>
  <datafield tag="260" ind1=" " ind2=" ">
   <subfield code="a">Πάτρα :</subfield>
   <subfield code="b">Βιβλιοθήκη &amp; Υπηρεσία Πληροφόρησης, Πανεπιστήμιο Πατρών,</subfield>
   <subfield code="c">2006.</subfield>
  </datafield>
  <datafield tag="300" ind1=" " ind2=" ">
   <subfield code="a">459 σ. :</subfield>
   <subfield code="b">εικ. ;</subfield>
   <subfield code="c">25 εκ.</subfield>
  </datafield>
  <datafield tag="500" ind1=" " ind2=" ">
   <subfield code="a">Περιέχει ελληνικό και αγγλικό κείμενο.</subfield>
  </datafield>
  <datafield tag="504" ind1=" " ind2=" ">
   <subfield code="a">Περιέχει βιβλιογραφίες.</subfield>
  </datafield>
  <datafield tag="650" ind1=" " ind2="4">
   <subfield code="a">Βιβλιοθηκονομία</subfield>
   <subfield code="z">Ελλάδα</subfield>
   <subfield code="x">Συνέδρια.</subfield>
  </datafield>
  <datafield tag="650" ind1=" " ind2="4">
   <subfield code="a">Βιβλιοθήκες, Ακαδημαϊκές</subfield>
   <subfield code="z">Ελλάδα</subfield>
   <subfield code="x">Συνέδρια.</subfield>
  </datafield>
  <datafield tag="650" ind1=" " ind2="4">
   <subfield code="a">Βιβλιοθήκες</subfield>
   <subfield code="x">Αυτοματισμός</subfield>
   <subfield code="z">Ελλάδα.</subfield>
  </datafield>
  <datafield tag="700" ind1="1" ind2=" ">
   <subfield code="a">Τσάκωνας, Γιάννης.</subfield>
  </datafield>
  <datafield tag="710" ind1="2" ind2=" ">
   <subfield code="a">Πανεπιστήμιο Πατρών. Βιβλιοθήκη &amp; Υπηρεσία Πληροφόρησης.</subfield>
  </datafield>
  <datafield tag="852" ind1=" " ind2=" ">
   <subfield code="a">INST</subfield>
   <subfield code="b">UNIPILB</subfield>
   <subfield code="c">MAIN</subfield>
   <subfield code="e">20070413</subfield>
   <subfield code="h">027.7 ΠΑΝ</subfield>
   <subfield code="p">00152422</subfield>
   <subfield code="q">00152422</subfield>
   <subfield code="t">LOAN</subfield>
   <subfield code="y">0</subfield>
   <subfield code="4">1</subfield>
  </datafield>
 </record>
</collection>
